000 00609nam a22001697a 4500
005 20251108164706.0
008 250721s1994 xx 000 0 ara d
082 1 4 _a529.327025/مجا
100 1 _aمجاهد، عماد عبد العزيز
245 1 0 _aدليل المسلم الفلكي في رصد هلال رمضان شوال و تحديد موعد المناسبات ... /
264 1 _aبيروت :
_bمكتبة الفلاح للنشر و التوزيع،
_c1994.
300 _a223ص
650 1 7 _aعلم الفلك
650 1 7 _aالتقويم الهجري
942 _2ddc
_cREF
999 _c11970
_d11970